Multiple Choice City Quiz – Dublin - Statistics

General Stats
  • This quiz has been taken 14,012 times
    13,994 since last reset
  • The average score is 6 of 10
Answer Stats
Question Answer % Correct
Which of these beers is from Dublin? Guinness
98%
Who built a fort in Dublin in 841 AD and held the city until 1169? The Vikings
84%
Which of these would you NOT find in Dublin? The Giant's Causeway
76%
Which of these historical texts resides at Trinity College Dublin? The Book of Kells
68%
Which sport would you be most likely to see at Croke Park? Gaelic football
66%
Which literary figure was NOT from Dublin? C. S. Lewis
64%
What river flows through the city? Liffey
64%
Which of these place names has the same meaning in English that Dublin "Du(i)blind" has in Irish? Blackpool
42%
O'Connell Bridge is notable for what reason? It's wider than it is long
39%
Dublin's largest park has the same name as which mythical creature? Phoenix
25%
No matching quizzes found
Score Distribution
Percent of People with Each Score
Percentile by Number Answered
Your Score History
You have not taken this quiz since the last reset